00798nam a22002177a 450000500170000001000130001702000230003003500130005303700160006604000120008208200190009424502130011325000120032626000480033827000670038630000310045365000410048465000170052570000180054270000200056020170124110037.0 aB-059831 c330.00a8177330659 aB-059831 bCen Lib/Ret aDPLbEN a343.54002bINC aIncome tax act :cedited by Ravi Pullani [and] Mahesh Pullanibwith departmental views, government notifications, financial act, 2001, taxation laws (amendment) act, 2000-2001, gist of supreme court rulings / a10th ed aNew DelhibBharat Law House Pvt. Ltd.c2001 aT-1/95, Mangolpuri industrial Area, Phase-IbNew Delhie110083 avarious pagings c23cm(Hb) aDirect taxation--Law and legislation aTax planning aPullani, Ravi aPullani, Mahesh